| 000 | 00625nam a22001817a 4500 | ||
|---|---|---|---|
| 001 | 114240 | ||
| 003 | DR-UNIBE | ||
| 005 | 20260113144119.0 | ||
| 008 | 251128b1977 dr ||||| |||| 00| 0 spa d | ||
| 040 |
_aBIBLIOTECA UNIBE _cBIBLIOTECA UNIBE _erda |
||
| 041 | _aspa | ||
| 082 | _aF-RD 6027 | ||
| 245 | 1 | 0 |
_aGuía de la jurisdicción inmobiliaria : _bdirectorio de los tribunales, registros de títulos, mensuras, abogados del estado e información general |
| 260 |
_aSanto Domingo : _bBrache & Asociados, _c2008 |
||
| 300 |
_a36 paginas : _bilustraciones |
||
| 650 |
_2lemb _aDerecho inmobiliario _934938 |
||
| 942 |
_2ddc _cMX |
||
| 999 |
_c114240 _d114240 |
||